000 00893nam a22002777a 4500
001 5678
003 FISKH
005 20250815121036.0
008 250113b cb ||||| |||| 00| 0 eng d
020 _a9780439740401
040 _aFISKH
_beng
_cFISKH
_dFISKH
050 _aHQ781.S66
082 _a305.2309730222
100 _aSmith Jr., Charles R.
245 _aI am America... and America is me /
_cCharles R. Smith Jr.
250 _aFirst Scholastic paperback printing, January 2005
260 _aNew York :
_bScholastic,
_c2003.
300 _a32 unnumbered pages :
_bcolor illustrations ;
_c21 cm
505 _aE
520 _aRhyming text and photographs of children underscore the diversity which is America.
521 8 _a290
_bLexile
521 8 _aE
_bRaz-Plus
650 _aAll About Me
_vPicture Book
_xMulticultural
942 _2ddc
_cBK
_n0
999 _c5678
_d5678